Las nuevas drogas y métodos terapéuticos / (Record no. 84333)

MARC details
000 -LEADER
campo de control de longitud fija 00805nam a2200205 i 4500
001 - NÚMERO DE CONTROL
campo de control 84333
003 - IDENTIFICADOR DE NÚMERO DE CONTROL
campo de control ES-MaACL
005 - FECHA Y HORA DE LA ÚLTIMA TRANSACCIÓN
campo de control 20231227200023.0
007 - CAMPO FIJO DE DESCRIPCIÓN FÍSICA--INFORMACIÓN GENERAL
campo de control de longitud fija t|
008 - DATOS DE LONGITUD FIJA--INFORMACIÓN GENERAL
campo de control de longitud fija 041122s1963 sp a |||| | spa d
245 04 - MENCIÓN DEL TÍTULO
Título Las nuevas drogas y métodos terapéuticos /
Mención de responsabilidad, etc. bajo la dirección de C. Jiménez Díaz ; con la colaboración de M. Aguirre... [et al.].
260 ## - PUBLICACIÓN, DISTRIBUCIÓN, ETC.
Lugar de publicación, distribución, etc. Madrid :
Nombre del editor, distribuidor, etc. Paz Montalvo,
Fecha de publicación, distribución, etc. 1963.
300 ## - DESCRIPCIÓN FÍSICA
Extensión 648 p. :
Otras características físicas il ;
Dimensiones 25 cm.
500 ## - NOTA GENERAL
Nota general Precede al tít.: Instituto de Investigaciones Clínicas y Médicas. Clínica de Nuestra Señora de la Concepción.
700 1# - ENTRADA AGREGADA--NOMBRE PERSONAL
Nombre de persona Jiménez Díaz, Carlos,
Fechas asociadas al nombre 1898-1967
9 (RLIN) 66515
700 1# - ENTRADA AGREGADA--NOMBRE PERSONAL
Nombre de persona Aguirre, M.
9 (RLIN) 18837
710 2# - ENTRADA AGREGADA--NOMBRE DE ENTIDAD CORPORATIVA
Nombre de entidad corporativa o nombre de jurisdicción como elemento de entrada Instituto de Investigaciones Clínicas y Médicas (Madrid)
9 (RLIN) 4968
852 ## - LOCALIZACIÓN
Ubicación ES-MaACL
Número de control de estantería C-23446
Holdings
Estatus retirado Estado de pérdida Estado de daño No para préstamo Biblioteca de origen Biblioteca actual Ubicación en estantería Fecha de adquisición Fuente de adquisición Total de préstamos Signatura topográfica completa Código de barras Visto por última vez Precio de reemplazo Tipo de ítem Koha
        Biblioteca del Ateneo de Madrid Biblioteca del Ateneo de Madrid Depósito 2 17/01/2008     C-23446 1088135 23/02/2023 23/02/2023 Libro impreso